00423pab a2200145 454500008004000000100002700040245008500067260000900152300001600161650001800177650002000195700001700215700001900232773002600251180718b2008 xxu||||| |||| 00| 0 eng d aTrimikiliniotis, Nicos aGlobalisation and migrant labour in a `rainbow nation': a fortress South Africa? c2008 ap.1323-339. aGlobalization aMigrant workers aZondo, Brian aGordon, Steven aThird World Quarterly